Basic sociology Vol 1 / (Record no. 11932)
[ view plain ]
| 000 -LEADER | |
|---|---|
| fixed length control field | 00640nam a2200217Ia 4500 |
| 008 - FIXED-LENGTH DATA ELEMENTS--GENERAL INFORMATION | |
| fixed length control field | 210303s9999 xx 000 0 und d |
| 016 ## - NATIONAL BIBLIOGRAPHIC AGENCY CONTROL NUMBER | |
| Source | retro2022 |
| 020 ## - INTERNATIONAL STANDARD BOOK NUMBER | |
| ISBN | 9789788414498 |
| 040 ## - CATALOGING SOURCE | |
| Original cataloging agency | NLN |
| Language of cataloging | English |
| 100 ## - MAIN ENTRY--AUTHOR | |
| Author | IGBO, Eddie Floyd Maduabuchi |
| Relator term | aut |
| 245 #0 - TITLE STATEMENT | |
| Title | Basic sociology Vol 1 / |
| Statement of responsibility, etc | Eddie Floyd Maduabuchi Igbo |
| 260 ## - PUBLICATION, DISTRIBUTION, ETC. (IMPRINT) | |
| Place of publication | Enugu state : |
| Name of publisher | Rhyce Kerex publishers, |
| Date of publication | 2015 |
| 300 ## - COLLATION | |
| Pagination | xiii, 266p. : |
| Other physical details | ill, ; 21cm. |
| 500 ## - GENERAL NOTE | |
| General note | includes bibliographical references |
| 563 ## - BINDING INFORMATION | |
| Binding note | (pbk) |
| 650 ## - TRACINGS | |
| Main Subject | Sociology |
| Subdivision (1st) | Study and teaching |
| 942 ## - ADDED ENTRY ELEMENTS (KOHA) | |
| Item type | Books |
| 942 ## - ADDED ENTRY ELEMENTS (KOHA) | |
| Suppress in OPAC | No |
| 050 ## - LIBRARY OF CONGRESS CALL NUMBER | |
| Classification number | HM571 |
| Item number | .I24 |
| 082 ## - DEWEY DECIMAL CLASSIFICATION NUMBER | |
| Classification number | 301.0711 |
| Source of classification or shelving scheme | Not for loan | Home library | Current library | Date acquired | Full call number | Barcode. | Koha item type |
|---|---|---|---|---|---|---|---|
| Library of Congress Classification | IBADAN BRANCH LIBRARY | National Library of Nigeria | 04/03/2021 | HM571 .I24 | 2024-555555550995030 | Books |
